000 00768nam a2200265Ia 4500
003 OSt
005 20221006160035.0
006 a|||||r|||| 00| 0
007 ta
008 221006b |||||||| |||| 00| 0 eng d
020 _a9788991913332
024 _a44,131
037 _bGift, Korean Embassy (Window of Korea)
_cTextual
040 _aEASL
_cEASL
_beng
041 _2eng
_aeng
082 _aNW495wN25, P8
100 _aKim Kyoung-wook
_9671630
245 0 _aYu hyun-mok
260 _aSeoul
_bSeoul Selection Korea
_c2008
300 _a163p.
_ccm.
490 _v KEL
_aKorean Films Directors
650 _aKEL
942 _hNW495wN25, P8
_cTEXL
_2CC
999 _c1112223
_d1112223